<?xml version="1.0" encoding="UTF-8"?>
<marc:record xmlns:marc="http://www.loc.gov/MARC21/slim">
   <marc:leader>00000nam a2200000 a 4500</marc:leader>
   <marc:datafield ind1="1" ind2=" " tag="100">
      <marc:subfield code="a">Danielewicz, Dorota</marc:subfield>
      <marc:subfield code="4">aut</marc:subfield>
      <marc:subfield code="e">Verfasser/-in</marc:subfield>
   </marc:datafield>
   <marc:datafield ind1=" " ind2=" " tag="653">
      <marc:subfield code="a">Weißrussland</marc:subfield>
   </marc:datafield>
   <marc:datafield ind1=" " ind2=" " tag="653">
      <marc:subfield code="a">Alexander Lukaschenko</marc:subfield>
   </marc:datafield>
   <marc:datafield ind1=" " ind2=" " tag="653">
      <marc:subfield code="a">Unterdrückung</marc:subfield>
   </marc:datafield>
   <marc:datafield ind1=" " ind2=" " tag="653">
      <marc:subfield code="a">Autokratie</marc:subfield>
   </marc:datafield>
   <marc:datafield ind1=" " ind2=" " tag="653">
      <marc:subfield code="a">Kampf für Unabhängigkeit</marc:subfield>
   </marc:datafield>
   <marc:datafield ind1=" " ind2=" " tag="653">
      <marc:subfield code="a">Minsk</marc:subfield>
   </marc:datafield>
   <marc:datafield ind1=" " ind2=" " tag="653">
      <marc:subfield code="a">Revolution</marc:subfield>
   </marc:datafield>
   <marc:datafield ind1=" " ind2=" " tag="653">
      <marc:subfield code="a">Polizeigewalt</marc:subfield>
   </marc:datafield>
   <marc:datafield ind1=" " ind2=" " tag="653">
      <marc:subfield code="a">Wahlfälschung</marc:subfield>
   </marc:datafield>
   <marc:datafield ind1=" " ind2=" " tag="653">
      <marc:subfield code="a">Softcover / Sachbücher/Politik</marc:subfield>
   </marc:datafield>
   <marc:datafield ind1=" " ind2=" " tag="653">
      <marc:subfield code="a">Gesellschaft</marc:subfield>
   </marc:datafield>
   <marc:datafield ind1=" " ind2=" " tag="653">
      <marc:subfield code="a">Wirtschaft/Biographien</marc:subfield>
   </marc:datafield>
   <marc:datafield ind1=" " ind2=" " tag="653">
      <marc:subfield code="a">Autobiographien</marc:subfield>
   </marc:datafield>
   <marc:datafield ind1=" " ind2=" " tag="653">
      <marc:subfield code="a">Erlebnisbericht</marc:subfield>
   </marc:datafield>
   <marc:datafield ind1="0" ind2="0" tag="245">
      <marc:subfield code="a">Der weiße Gesang</marc:subfield>
   </marc:datafield>
   <marc:datafield ind1="0" ind2="0" tag="245">
      <marc:subfield code="b">die mutigen Frauen der belarussischen Revolution</marc:subfield>
   </marc:datafield>
   <marc:datafield ind1="0" ind2="0" tag="245">
      <marc:subfield code="c">Dorota Danielewicz</marc:subfield>
   </marc:datafield>
   <marc:datafield ind1=" " ind2="1" tag="264">
      <marc:subfield code="a">München</marc:subfield>
      <marc:subfield code="b">Europa Verlage</marc:subfield>
      <marc:subfield code="c">2022</marc:subfield>
   </marc:datafield>
   <marc:datafield ind1="1" ind2=" " tag="520">
      <marc:subfield code="a">Angaben aus der Verlagsmeldung

Der weiße Gesang : Die mutigen Frauen der belarussischen Revolution / von Dorota Danielewicz

Wir alle kennen die Bilder von den Demonstrationen, die nach den letzten Wahlen im August 2020 in Belarus stattfanden. In vorderster Reihe bei den friedlichen Protestaktionen für Demokratie und Rechtsstaatlichkeit: viele, meist junge Frauen – darunter Journalistinnen, Studentinnen, Juristinnen, Sozialarbeiterinnen und Lehrerinnen. Mutig sahen sie den sie umzingelnden Polizisten in die Gesichter, ließen sich nicht einschüchtern – auch nicht nachdem zahlreiche von ihnen verhaftet, verhört, misshandelt und des Landes verwiesen wurden. In Der weiße Gesang erzählen einige von ihnen ihre Geschichte, treten heraus aus der Anonymität der Masse. Sie lassen uns teilhaben an den Ereignissen und ihren persönlichen Erfahrungen der letzten Monate, an ihrem Aufbegehren, ihren Zielen, ihrem Leben im Exil.

Der sogenannte weiße Gesang ist eine archaische, volkstümliche Gesangstechnik der osteuropäischen Frauen, die es auf eine besondere Art ermöglicht, den Gefühlen freien Lauf zu lassen. Ihre Lieder spiegeln dramatische Ereignisse aus dem Leben der Frauen wider. Die Stimme, die beim weißen Gesang erzeugt wird, kommt direkt aus dem Solarplexus und nutzt die Resonanzräume des Körpers. Sie ist rein und wild – so wie die Geschichten der unerschrockenen, couragierten belarussischen Frauen, die in diesem Buch zu Wort kommen.
</marc:subfield>
   </marc:datafield>
   <marc:datafield ind1=" " ind2=" " tag="020">
      <marc:subfield code="a">9783958904798</marc:subfield>
      <marc:subfield code="9">9783958904798</marc:subfield>
   </marc:datafield>
   <marc:datafield ind1=" " ind2=" " tag="020">
      <marc:subfield code="a">3958904793</marc:subfield>
      <marc:subfield code="9">3958904793</marc:subfield>
   </marc:datafield>
   <marc:datafield ind1=" " ind2=" " tag="300">
      <marc:subfield code="a">202 Seiten</marc:subfield>
   </marc:datafield>
</marc:record>
